Deň zdravotne postihnutých v parlamente Dohovor OSN o právach osôb so zdravotným postihnutím, jeho ratifikácia a implementácia

Bibliographic Details
Main Author: Škrabálková, Margita (Author, Photographer)
Format: Article
Language:Slovak
PhysicalDescription:Fotogr.
ISSN:1336-2208
Subjects:

MARC

LEADER 00000nab a2200000 ar4500
001 vtls009483899
003 SK-MaSNL
005 20260305041959.0
008 090316c2008 xo |||||| | ||00 b|slo
015 |a SNBRB2009/03  |2 snkbucl 
038 |a SNKBUCL 
040 |a SNKBUCL  |b slo  |c SNKBUCL  |e AACR2 
041 0 |a slo 
044 |a xo  |c SK 
080 |a 316.344.6-056.26/.3  |2 2001 
080 |a 342.7-056.36  |x (100)  |2 2001 
080 |a 061.3  |x (100)  |2 2001 
080 |a 328.1  |x (437.6)  |2 2001 
100 1 |a Škrabálková, Margita  |4 aut  |4 pht  |9 842951 
245 1 0 |a Deň zdravotne postihnutých v parlamente  |b Dohovor OSN o právach osôb so zdravotným postihnutím, jeho ratifikácia a implementácia  |c Margita Škrabálková 
300 |b Fotogr. 
610 1 7 |a Slovensko.  |b Národná rada  |2 snkbucl  |9 165573 
611 2 7 |a Dohovor OSN o právach osôb so zdravotným postihnutím  |g seminár  |d (2008 :  |c Bratislava, Slovensko)  |2 snkbucl  |9 1623206 
650 0 7 |a zdravotne postihnuté osoby  |2 SNKPH  |9 1249 
650 0 7 |a práva zdravotne postihnutých  |2 snkbucl  |9 1227599 
773 0 |t Humanita  |g Roč. XVII, č. 8-9 (2008), s. 5-6  |x 1336-2208 
852 |a SNK  |b KIS3GCP 
999 |c 3345752  |d 3347682